Geografie: Was passt nicht dazu? - Statistiken

Allgemein
  • Dieses Quiz wurde 470 mal gespielt
  • Das Durchschnittsergebnis liegt bei 7 aus 14
Antwortstatistiken
Frage Antwort % Korrekt
Farben auf der Flagge Italiens Blau
97%
Deutsche Inseln Bornholm
70%
Nachbarländer Chinas Südkorea
68%
Himmelsrichtungen Nordsüdwest
64%
Hauptstädte von US-Bundesstaaten Dallas
59%
Zehn bevölkerungsreichste Länder der Welt Ägypten
58%
Berge in der Schweiz Großglockner
55%
Zehn bevölkerungsreichste Städte Deutschlands Nürnberg
52%
Länder, die am Äquator liegen Peru
41%
Kanarische Inseln Formentera
39%
Städte am Indischen Ozean Manila
37%
Zehn flächenmäßig größte Seen der Welt Titicacasee
35%
Irische Grafschaften (Counties) Bedford
25%
Flüsse in Frankreich Ouse
16%
Keine übereinstimmenden Quizze gefunden
Verteilung der Resultate
Anzahl Personen mit jedem Resultat
Perzentil nach korrekt beantworteten Fragen
Ihre Resultats-Entwicklung
Sie haben dieses Quiz noch nicht gespielt